000 00683nam a2200289Ia 4500
005 20260324120825.0
008 008 260324s9999 xx 000 0 eng d
020 _a9781315757575
037 _aEBOOK
040 _aCRL
040 _beng
040 _cCRL
041 _2eng
041 _aeng
084 _qCRL
100 _aT Nikki Cesare Schotzko
_91160112
245 0 _aLearning How to Fall
245 0 _bArt and Culture after September 11
260 _bTaylor and Francis
260 _c2014
365 _a
365 _b230
856 _uhttp://www.taylorfrancis.com/books/9781315757575
942 _cEBOOK
999 _c1751836
_d1751836